LIBRARY & INFORMATION CENTRE, KCAET, TAVANUR

ONLINE PUBLIC ACCESS CATALOGUE (OPAC)

20 Practice sets SBI Clerical Grade Recruitment Exam (Record no. 13840)

MARC details
000 -LEADER
fixed length control field 00308nam a22001217a 4500
020 ## - INTERNATIONAL STANDARD BOOK NUMBER
ISBN 9788183484602
082 ## - DEWEY DECIMAL CLASSIFICATION NUMBER
Classification number 371.271 ARI/20
100 ## - MAIN ENTRY--AUTHOR NAME
Personal name Arihant Expert Team
245 ## - TITLE STATEMENT
Title 20 Practice sets SBI Clerical Grade Recruitment Exam
260 ## - PUBLICATION, DISTRIBUTION, ETC. (IMPRINT)
Place of publication new Delhi
Name of publisher Arihant Publications
300 ## - PHYSICAL DESCRIPTION
Number of Pages 328
942 ## - ADDED ENTRY ELEMENTS (KOHA)
Koha item type Books
Holdings
Withdrawn status Lost status Damaged status Collection code Home library Current library Shelving location Date acquired Source of acquisition Cost, normal purchase price Full call number Accession Number Koha item type
      Non-fiction KAUAET KAUAET General Stacks 31/03/2012 Penta Books,Calicut 175.00 371.271 ARI/20 23478 Books
free website counter